| 000 | 00662aam a2200253 4500 | ||
|---|---|---|---|
| 005 | 20160901131921.0 | ||
| 008 | 150724b xxu||||| |||| 00| 0 spa d | ||
| 041 | _aEspañol | ||
| 082 |
_a174 _bO39e |
||
| 100 |
_aOjeda Olalla, María Eugenia _917010 |
||
| 245 | _aÉtica: una visión global de la conducta humana | ||
| 260 | _aMéxico | ||
| 260 | _bPearson | ||
| 260 | _c2007 | ||
| 300 | _a248 páginas | ||
| 650 |
_aÉTICA _9489 |
||
| 650 |
_aMORAL _92444 |
||
| 650 |
_aCONDUCTA HUMANA _911823 |
||
| 650 |
_aLIBERTAD _912186 |
||
| 650 |
_aVALORES _932 |
||
| 650 |
_aESTRUCTURAS MORALES _917011 |
||
| 650 |
_aDOCTRINAS ETICAS _917012 |
||
| 942 | _cBK | ||
| 999 |
_c353 _d353 |
||